[Event "Böblinger Open 2015"]
[Site "Böblingen"]
[Date "2015.12.26"]
[Round "1.1"]
[White "Haselhorst, Helmut"]
[Black "Feller, Sebastien"]
[Result "0-1"]
[WhiteElo "2141"]
[BlackElo "2623"]
[PlyCount "107"]
[EventDate "2015.12.??"]
[EventType "swiss"]
[EventRounds "9"]
[WhiteTeam "SC Steinfurt"]
[BlackTeam "SG Speyer-Schwegenheim"]

1. d4 Nf6 2. Nf3 g6 3. c4 Bg7 4. Nc3 O-O 5. e4 d6 6. Be2 Na6 7. O-O e5 8. Re1
Qe8 9. Bf1 Bg4 10. d5 Nb4 11. Be2 a5 12. Be3 Kh8 13. c5 Nh5 14. a3 Na6 15. cxd6
cxd6 16. Nd2 Bxe2 17. Qxe2 f5 18. Qb5 Qe7 19. f3 Bf6 20. Nc4 Bh4 21. Red1 Rf7
22. Rac1 a4 23. Qb6 Rd8 24. Nb5 Rf6 25. Na5 fxe4 26. fxe4 Nc5 27. Rxc5 dxc5 28.
Qxc5 Qd7 29. Qc7 Rff8 30. Qxd7 Rxd7 31. Nc4 Bf6 32. Nb6 Rdd8 33. Nc7 Ng7 34. d6
Rf7 35. Rd5 Ne8 36. Nb5 Bg7 37. h3 Bf8 38. d7 Nf6 39. Rxe5 Nxd7 40. Rd5 Bg7 41.
Bg5 Re8 42. Nxd7 Rxe4 43. Nc5 Re1+ 44. Kh2 Be5+ 45. Rxe5 Rxe5 46. Nd6 Kg8 47.
Nxf7 Kxf7 48. Nxb7 Rxg5 49. Nd6+ Ke6 50. Ne4 Ra5 51. Kg3 Kd5 52. Kf4 Kc4 53.
Nd2+ Kd3 54. Ne4 0-1

[Event "Böblinger Open 2015"]
[Site "Böblingen"]
[Date "2015.12.26"]
[Round "1.2"]
[White "Bortnyk, Olexandr"]
[Black "Holm, Ragnar"]
[Result "1-0"]
[WhiteElo "2552"]
[BlackElo "2140"]
[PlyCount "57"]
[EventDate "2015.12.??"]
[EventType "swiss"]
[EventRounds "9"]
[BlackTeam "Hamar"]

1. e4 c5 2. Nf3 g6 3. c3 Bg7 4. d4 cxd4 5. cxd4 d5 6. exd5 Nf6 7. Bb5+ Nbd7 8.
Nc3 O-O 9. Bxd7 Bxd7 10. Ne5 Bf5 11. Qb3 Ne4 12. O-O Qb6 13. Qxb6 axb6 14. Re1
Nxc3 15. bxc3 h5 16. h3 Rfc8 17. Bd2 Ra5 18. g4 f6 19. gxf5 fxe5 20. c4 Ra4 21.
dxe5 gxf5 22. Bg5 Bf8 23. Rad1 Raxc4 24. d6 Kf7 25. e6+ Kg6 26. dxe7 Kxg5 27.
exf8=Q Rxf8 28. e7 Re8 29. Rd8 1-0

[Event "Böblinger Open 2015"]
[Site "Böblingen"]
[Date "2015.12.26"]
[Round "1.3"]
[White "Eulering, Georg"]
[Black "Zubarev, Alexander"]
[Result "0-1"]
[WhiteElo "2128"]
[BlackElo "2548"]
[PlyCount "62"]
[EventDate "2015.12.??"]
[EventType "swiss"]
[EventRounds "9"]
[WhiteTeam "SF Schlebusch"]
[BlackTeam "SC Siegburg"]

1. e4 g6 2. d4 Bg7 3. f4 c5 4. dxc5 Qa5+ 5. c3 Qxc5 6. Nf3 d6 7. Bd3 Nc6 8. Qe2
Nf6 9. h3 Nh5 10. Qf2 Nb4 11. Qd2 Nxd3+ 12. Qxd3 f5 13. Be3 fxe4 14. Qxe4 Bf5
15. Qa4+ b5 16. Bxc5 bxa4 17. Be3 Ng3 18. Rg1 Rb8 19. Bf2 Rxb2 20. Nbd2 Ne4 21.
Bd4 Bxd4 22. cxd4 Nxd2 23. Nxd2 O-O 24. Ke2 Be6 25. Ke3 Rc8 26. Rgc1 Rxc1 27.
Rxc1 Rxa2 28. Rc7 Ra3+ 29. Ke2 Rg3 30. Rxe7 Bd5 31. Rxa7 a3 0-1

[Event "Böblinger Open 2015"]
[Site "Böblingen"]
[Date "2015.12.26"]
[Round "1.4"]
[White "Skoberne, Jure"]
[Black "Linner, Christian"]
[Result "1-0"]
[WhiteElo "2547"]
[BlackElo "2123"]
[PlyCount "57"]
[EventDate "2015.12.??"]
[EventType "swiss"]
[EventRounds "9"]
[BlackTeam "SC Prien"]

1. Nf3 Nf6 2. g3 g6 3. Bg2 Bg7 4. O-O O-O 5. d4 c5 6. d5 d6 7. c4 b5 8. cxb5 a6
9. bxa6 Bxa6 10. Nc3 Nbd7 11. Rb1 Qa5 12. Bd2 Nb6 13. b3 Bb7 14. a4 Qa6 15. e4
e6 16. dxe6 fxe6 17. Ng5 Rfe8 18. Nb5 h6 19. Nxe6 Rxe6 20. Nc7 Qd3 21. Nxe6
Nxe4 22. Bf4 Qxd1 23. Rbxd1 Bc3 24. Bxd6 c4 25. Nc5 Nxd6 26. Rxd6 Bxg2 27. Kxg2
Rb8 28. bxc4 Kf7 29. Rb1 1-0

[Event "Böblinger Open 2015"]
[Site "Böblingen"]
[Date "2015.12.26"]
[Round "1.5"]
[White "Schwab, Matthias"]
[Black "Stupak, Kirill"]
[Result "0-1"]
[WhiteElo "2121"]
[BlackElo "2542"]
[PlyCount "52"]
[EventDate "2015.12.??"]
[EventType "swiss"]
[EventRounds "9"]
[WhiteTeam "SC Böblingen"]

1. d4 e6 2. c4 Bb4+ 3. Nc3 c5 4. e3 cxd4 5. exd4 Nf6 6. Bd3 O-O 7. Nf3 b6 8.
O-O Bb7 9. Bg5 h6 10. Bh4 Be7 11. Rc1 d6 12. Qe2 Nbd7 13. b4 Rc8 14. d5 e5 15.
Nb5 a6 16. Na7 Rc7 17. Nc6 Bxc6 18. dxc6 Rxc6 19. Rfd1 Rc7 20. c5 bxc5 21. bxc5
Rxc5 22. Rxc5 Nxc5 23. Nxe5 dxe5 24. Bxf6 Bxf6 25. Bh7+ Kxh7 26. Rxd8 Rxd8 0-1

[Event "Böblinger Open 2015"]
[Site "Böblingen"]
[Date "2015.12.26"]
[Round "1.6"]
[White "Dann, Matthias"]
[Black "Einwiller, Dieter"]
[Result "1-0"]
[WhiteElo "2477"]
[BlackElo "2115"]
[PlyCount "69"]
[EventDate "2015.12.??"]
[EventType "swiss"]
[EventRounds "9"]
[WhiteTeam "TSV Schott Mainz"]
[BlackTeam "SF Pfullingen"]

1. e4 d5 2. exd5 Nf6 3. d4 Nxd5 4. c4 Nb6 5. Nc3 e5 6. d5 Bc5 7. Nf3 O-O 8. Be2
Re8 9. O-O Bf5 10. Bg5 f6 11. Nh4 Bc8 12. Be3 Na6 13. Bxc5 Nxc5 14. b4 Na6 15.
c5 Nd7 16. Qb3 Nf8 17. Rad1 Kh8 18. Bb5 Re7 19. d6 cxd6 20. cxd6 Rd7 21. Nf5 g6
22. Ne7 Rxe7 23. dxe7 Qxe7 24. Nd5 Qf7 25. f4 e4 26. Qb2 Kg7 27. Ne3 Nc7 28.
Be2 Be6 29. a3 Nd5 30. Nxd5 Bxd5 31. Qd4 Bb3 32. Rc1 Qe7 33. Rc3 Rd8 34. Qxa7
Rd2 35. Qe3 1-0

[Event "Böblinger Open 2015"]
[Site "Böblingen"]
[Date "2015.12.26"]
[Round "1.7"]
[White "Maisch, Julian"]
[Black "Hirneise, Tobias"]
[Result "0-1"]
[WhiteElo "2113"]
[BlackElo "2452"]
[PlyCount "114"]
[EventDate "2015.12.??"]
[EventType "swiss"]
[EventRounds "9"]
[WhiteTeam "SF Kornwestheim"]
[BlackTeam "SF Deizisau"]

1. e4 c5 2. Nf3 d6 3. Bb5+ Bd7 4. Bxd7+ Nxd7 5. O-O Ngf6 6. Re1 Qc7 7. c4 e6 8.
b3 Ne5 9. Qe2 Be7 10. Bb2 O-O 11. Nc3 a6 12. Rad1 Rab8 13. d4 Nxf3+ 14. Qxf3
cxd4 15. Rxd4 b5 16. Rc1 Qa5 17. cxb5 axb5 18. b4 Qb6 19. Rdd1 Qb7 20. Qe2 Nd7
21. f4 Rfc8 22. f5 Ne5 23. Kh1 Nc4 24. Ba1 Bg5 25. Rb1 Bf6 26. Rf1 Re8 27. Rbe1
Rbc8 28. Qd3 Be5 29. fxe6 fxe6 30. Ne2 Ra8 31. Bxe5 dxe5 32. Nc3 Rad8 33. Qg3
Qb6 34. Qf2 Qxf2 35. Rxf2 Na3 36. Re3 Rd4 37. h3 Rxb4 38. Rd3 Rd4 39. Rdf3 b4
40. Na4 Rxe4 41. Nc5 Re1+ 42. Rf1 Rxf1+ 43. Rxf1 Nc2 44. Rf2 Nd4 45. Rb2 Rc8
46. Nd7 Rc1+ 47. Kh2 e4 48. Rxb4 Rd1 49. Ne5 h5 50. Nc4 h4 51. Rb2 Rc1 52. Ne3
Rc3 53. Nd1 Rd3 54. Nf2 Re3 55. Ng4 Re1 56. Rb4 Nf5 57. Rb3 e3 0-1

[Event "Böblinger Open 2015"]
[Site "Böblingen"]
[Date "2015.12.26"]
[Round "1.8"]
[White "Lei, Tingjie"]
[Black "Frey, Alisa"]
[Result "1-0"]
[WhiteElo "2444"]
[BlackElo "2105"]
[PlyCount "63"]
[EventDate "2015.12.??"]
[EventType "swiss"]
[EventRounds "9"]
[BlackTeam "SC Eppingen"]

1. Nf3 Nf6 2. c4 g6 3. Nc3 d5 4. cxd5 Nxd5 5. g3 Bg7 6. Bg2 O-O 7. O-O c5 8. d3
Nxc3 9. bxc3 Bxc3 10. Rb1 Nd7 11. Be3 Bg7 12. Qa4 a5 13. Rfd1 Qc7 14. d4 c4 15.
Rdc1 b5 16. Rxb5 Nb6 17. Qa3 Bd7 18. Rc5 Qa7 19. Ne5 Bxe5 20. dxe5 a4 21. Bxa8
Qxa8 22. Rc7 Bh3 23. f3 Nd5 24. R7xc4 Nxe3 25. Qxe3 Be6 26. Rh4 h5 27. g4 Bxa2
28. gxh5 Kg7 29. hxg6 Rh8 30. Rxh8 Qxh8 31. gxf7 Kxf7 32. Qf4+ 1-0

[Event "Böblinger Open 2015"]
[Site "Böblingen"]
[Date "2015.12.26"]
[Round "1.9"]
[White "Tran, Thanh Kien"]
[Black "Smirnov, Artem"]
[Result "0-1"]
[WhiteElo "2104"]
[BlackElo "2429"]
[PlyCount "62"]
[EventDate "2015.12.??"]
[EventType "swiss"]
[EventRounds "9"]
[WhiteTeam "SC Böblingen"]

1. d4 Nf6 2. c4 e6 3. Nf3 Bb4+ 4. Nbd2 O-O 5. a3 Be7 6. e4 d6 7. g3 c5 8. Bg2
cxd4 9. Nxd4 Qb6 10. Ne2 Nc6 11. O-O Ne5 12. Nc3 Bd7 13. Kh1 Rac8 14. f4 Nxc4
15. Nxc4 Rxc4 16. e5 Ne8 17. Qd3 Qa6 18. b4 b5 19. Be3 Bc6 20. Ne2 Bxg2+ 21.
Kxg2 Qb7+ 22. Kg1 dxe5 23. fxe5 Nc7 24. Rf4 Rd8 25. Rd4 Rdxd4 26. Bxd4 Nd5 27.
Rd1 h6 28. Nc3 Nxc3 29. Bxc3 Qc6 30. Bd4 a5 31. bxa5 Rxd4 0-1

[Event "Böblinger Open 2015"]
[Site "Böblingen"]
[Date "2015.12.26"]
[Round "1.10"]
[White "Holm, Kristian Stuvik"]
[Black "Kutzner, Stephen"]
[Result "1-0"]
[WhiteElo "2417"]
[BlackElo "2103"]
[PlyCount "44"]
[EventDate "2015.12.??"]
[EventType "swiss"]
[EventRounds "9"]
[WhiteTeam "Vålerenga"]
[BlackTeam "Godesberger SK"]

1. d4 Nf6 2. c4 g6 3. Nc3 d5 4. Qb3 dxc4 5. Qxc4 Bg7 6. e4 a6 7. Nf3 b5 8. Qb3
O-O 9. Be2 Bb7 10. e5 Nfd7 11. e6 fxe6 12. Ng5 Bxd4 13. Nxe6 Bxf2+ 14. Kf1 Nc5
15. Nxc5+ Kh8 16. Nxb7 Bb6+ 17. Bf3 Qd4 18. Nd1 e5 19. Be3 Qe4 20. Bxb6 Qxb7
21. Bc5 Rf4 22. Nf2 Qc8 1-0

[Event "Böblinger Open 2015"]
[Site "Böblingen"]
[Date "2015.12.27"]
[Round "2.1"]
[White "Feller, Sebastien"]
[Black "Farmani Anosheh, Armin"]
[Result "1-0"]
[WhiteElo "2623"]
[BlackElo "2256"]
[PlyCount "73"]
[EventDate "2015.12.??"]
[EventType "swiss"]
[EventRounds "9"]
[WhiteTeam "SG Speyer-Schwegenheim"]
[BlackTeam "SK Ladenburg"]

1. Nf3 Nf6 2. g3 d5 3. Bg2 e6 4. c4 Be7 5. d4 O-O 6. O-O dxc4 7. Qc2 a6 8. a4
Bd7 9. Qxc4 Bc6 10. Bg5 a5 11. Nc3 Na6 12. Ne5 Bxg2 13. Kxg2 c6 14. h4 Nd5 15.
Nf3 f6 16. Bd2 Qd7 17. Rad1 Ndb4 18. e4 Kh8 19. Ne2 b5 20. Qb3 Bd6 21. h5 f5
22. e5 Be7 23. axb5 cxb5 24. Nf4 Nd5 25. Nxd5 exd5 26. e6 Qxe6 27. Rfe1 Qd6 28.
h6 Bf6 29. hxg7+ Bxg7 30. Ng5 a4 31. Qf3 Qd7 32. Qh5 Bxd4 33. Rh1 Ra7 34. Nxh7
Qxh7 35. Qg6 Bxb2 36. Rxh7+ Rxh7 37. Qxa6 1-0

[Event "Böblinger Open 2015"]
[Site "Böblingen"]
[Date "2015.12.27"]
[Round "2.2"]
[White "Nasshan, Dennis"]
[Black "Bortnyk, Olexandr"]
[Result "0-1"]
[WhiteElo "2254"]
[BlackElo "2552"]
[PlyCount "82"]
[EventDate "2015.12.??"]
[EventType "swiss"]
[EventRounds "9"]
[WhiteTeam "SV Worms"]

1. d4 Nf6 2. c4 b6 3. Nc3 Bb7 4. Qc2 e6 5. a3 c5 6. dxc5 Bxc5 7. Bf4 O-O 8. e3
d5 9. Nf3 Nbd7 10. cxd5 Nxd5 11. Nxd5 Bxd5 12. Ba6 b5 13. b4 Qb6 14. bxc5 Qxa6
15. Ne5 Nxe5 16. Bxe5 f6 17. Bd6 Rfc8 18. Qb2 Bxg2 19. Rg1 Qb7 20. f4 Be4 21.
Qxf6 Bg6 22. Qe5 a5 23. Qxe6+ Kh8 24. Kf2 Re8 25. Qg4 Qf7 26. Qe2 Qf6 27. Qf3
Qh4+ 28. Qg3 Qh5 29. Qg5 Qxh2+ 30. Rg2 Qh3 31. Rg3 Qe6 32. Be5 b4 33. Rh1 Kg8
34. Rgh3 Qa2+ 35. Kg3 Rxe5 36. Qxe5 Re8 37. Qd4 Qe2 38. Kh4 b3 39. Qd5+ Bf7 40.
Qd4 b2 41. f5 Qg2 0-1

[Event "Böblinger Open 2015"]
[Site "Böblingen"]
[Date "2015.12.27"]
[Round "2.3"]
[White "Zubarev, Alexander"]
[Black "Linster, Philippe"]
[Result "1-0"]
[WhiteElo "2548"]
[BlackElo "2253"]
[PlyCount "43"]
[EventDate "2015.12.??"]
[EventType "swiss"]
[EventRounds "9"]
[WhiteTeam "SC Siegburg"]
[BlackTeam "Esch Rochade Reine"]

1. d4 Nf6 2. c4 e6 3. Nc3 Bb4 4. Qc2 O-O 5. Nf3 d5 6. cxd5 exd5 7. Bg5 h6 8.
Bh4 c5 9. e3 Nc6 10. dxc5 Bg4 11. Be2 g5 12. Bg3 Bxf3 13. Bxf3 d4 14. O-O-O
Bxc5 15. Bxc6 bxc6 16. Be5 Nd5 17. Bxd4 Bxd4 18. Rxd4 Qa5 19. Nxd5 cxd5 20. Kb1
Rab8 21. Qd2 Qb6 22. h4 1-0

[Event "Böblinger Open 2015"]
[Site "Böblingen"]
[Date "2015.12.27"]
[Round "2.4"]
[White "Hasenohr, Benedict"]
[Black "Skoberne, Jure"]
[Result "0-1"]
[WhiteElo "2251"]
[BlackElo "2547"]
[PlyCount "122"]
[EventDate "2015.12.??"]
[EventType "swiss"]
[EventRounds "9"]
[WhiteTeam "SC Weiler im Allgäu"]

1. d4 Nf6 2. Nf3 g6 3. Bg5 Bg7 4. Nbd2 d5 5. e3 O-O 6. Bd3 c5 7. c3 b6 8. Qe2
Bb7 9. dxc5 Ne4 10. cxb6 Nxg5 11. Nxg5 Qxb6 12. O-O Nd7 13. Rab1 Nc5 14. Rfd1
Nxd3 15. Qxd3 Ba6 16. Qc2 Be2 17. Rdc1 Qb5 18. a4 Qa6 19. Ra1 Rab8 20. b4 Rfc8
21. Ra3 Rc7 22. Ngf3 Qf6 23. Rb3 e5 24. Ne1 Qa6 25. Rb2 d4 26. b5 Qe6 27. Rb3
Rbc8 28. Nb1 Bc4 29. Rb4 dxe3 30. fxe3 Bf8 31. Rb2 Bc5 32. Qf2 f5 33. Nc2 f4
34. Nd2 Rf7 35. Nxc4 fxe3 36. N2xe3 Rxf2 37. Rxf2 Rd8 38. Kh1 Rd3 39. Re2 e4
40. g3 Qf7 41. Ne5 Qe6 42. N3g4 Rd8 43. Rxe4 h5 44. Nh6+ Kg7 45. Nhf7 Rd2 46.
Ng5 Qd5 47. Nef3 Rf2 48. Rce1 Qd3 49. Ne5 Rf1+ 50. Kg2 Qd2+ 51. R1e2 Rf2+ 52.
Rxf2 Qxf2+ 53. Kh3 Qf5+ 54. Kg2 Qxg5 55. Nf3 Qd5 56. Rf4 Qa2+ 57. Kh3 Qe6+ 58.
Kg2 Qe2+ 59. Kh3 Qf1+ 60. Kh4 Be7+ 61. Ng5 Qe2 0-1

[Event "Böblinger Open 2015"]
[Site "Böblingen"]
[Date "2015.12.27"]
[Round "2.5"]
[White "Stupak, Kirill"]
[Black "Bilchinski, Anton"]
[Result "1/2-1/2"]
[WhiteElo "2542"]
[BlackElo "2249"]
[PlyCount "75"]
[EventDate "2015.12.??"]
[EventType "swiss"]
[EventRounds "9"]
[BlackTeam "SK Krumbach"]

1. d4 Nf6 2. g3 e6 3. Bg2 d5 4. c4 Be7 5. Nf3 O-O 6. O-O c6 7. Nc3 Nbd7 8. Nd2
b5 9. cxb5 cxb5 10. Nxb5 Qb6 11. Qa4 Bb7 12. Nc3 Bc6 13. Qc2 Qxd4 14. Nb3 Qb6
15. Be3 Qa6 16. Nd4 Rfc8 17. Rac1 Bb7 18. Qa4 Qxa4 19. Nxa4 Nb6 20. Nxb6 axb6
21. Rxc8+ Rxc8 22. Rc1 Rxc1+ 23. Bxc1 Nd7 24. Kf1 Kf8 25. Ke1 Ke8 26. h4 g6 27.
a3 h5 28. Nb5 Bc6 29. Nd4 Bb7 30. Be3 Ne5 31. Nb5 Nc4 32. Bc1 Kd7 33. b3 Na5
34. b4 Nc4 35. e3 Bf6 36. Bf1 Bc6 37. Nd4 Bxd4 38. exd4 1/2-1/2

[Event "Böblinger Open 2015"]
[Site "Böblingen"]
[Date "2015.12.27"]
[Round "2.6"]
[White "Jacob, Volker"]
[Black "Dann, Matthias"]
[Result "0-1"]
[WhiteElo "2247"]
[BlackElo "2477"]
[PlyCount "52"]
[EventDate "2015.12.??"]
[EventType "swiss"]
[EventRounds "9"]
[WhiteTeam "SC Viernheim"]
[BlackTeam "TSV Schott Mainz"]

1. d4 Nf6 2. c4 e6 3. Nc3 Bb4 4. f3 d5 5. a3 Be7 6. e4 dxe4 7. fxe4 c5 8. d5
exd5 9. cxd5 Bd6 10. Nf3 Bg4 11. Bb5+ Nbd7 12. Bg5 h6 13. Bh4 Qc7 14. Qe2 O-O
15. O-O-O a6 16. Bxd7 Nxd7 17. h3 Bh5 18. g4 Bg6 19. g5 h5 20. Be1 b5 21. Nh4
b4 22. Nxg6 fxg6 23. Nb1 a5 24. Bd2 c4 25. Rhf1 Nc5 26. Rxf8+ Rxf8 0-1

[Event "Böblinger Open 2015"]
[Site "Böblingen"]
[Date "2015.12.27"]
[Round "2.7"]
[White "Hirneise, Tobias"]
[Black "Kachar, Vladimir"]
[Result "0-1"]
[WhiteElo "2452"]
[BlackElo "2240"]
[PlyCount "140"]
[EventDate "2015.12.??"]
[EventType "swiss"]
[EventRounds "9"]
[WhiteTeam "SF Deizisau"]

1. e4 c5 2. Nf3 e6 3. d4 cxd4 4. Nxd4 Nc6 5. Nc3 Qc7 6. Be2 a6 7. Be3 Nf6 8. a3
b5 9. Nxc6 dxc6 10. f4 Bb7 11. e5 Nd5 12. Nxd5 cxd5 13. Bd4 Rc8 14. c3 Bc5 15.
O-O O-O 16. Qd2 Bxd4+ 17. Qxd4 Qc5 18. Bd3 Rfe8 19. a4 Qxd4+ 20. cxd4 Bc6 21.
a5 Bd7 22. Kf2 Kf8 23. Ke3 Ke7 24. g4 h5 25. gxh5 Rh8 26. Be2 Rc2 27. Rg1 g6
28. Rab1 b4 29. Rgc1 b3 30. Rxc2 bxc2 31. Rc1 Ba4 32. Bxa6 Rxh5 33. Bf1 Rxh2
34. b4 Kd7 35. b5 Kc7 36. Bd3 Kb7 37. Ra1 Rh3+ 38. Kd2 Rh2+ 39. Kc3 Rh3 40. Kd2
Rh2+ 41. Kc3 Rh3 42. a6+ Ka7 43. b6+ Kxb6 44. a7 Rh8 45. Kb4 Ra8 46. Rc1 Rxa7
47. Bxc2 Bxc2 48. Rxc2 Ra1 49. f5 gxf5 50. Kc3 Ra7 51. Kd3 Rc7 52. Rh2 Kc6 53.
Rh7 Rd7 54. Kc3 Kc7 55. Rh8 Rd8 56. Rh7 Rf8 57. Rh6 Kd7 58. Rh1 Ra8 59. Kd3 Ke7
60. Rh7 Rg8 61. Ke3 Rg4 62. Rh6 Kf8 63. Rh8+ Kg7 64. Rb8 Re4+ 65. Kd3 f4 66.
Rb7 Kg6 67. Ra7 Re3+ 68. Kd2 Re4 69. Kd3 f3 70. Ra2 Kg5 0-1

[Event "Böblinger Open 2015"]
[Site "Böblingen"]
[Date "2015.12.27"]
[Round "2.8"]
[White "Fischer, Sebastian"]
[Black "Lei, Tingjie"]
[Result "1/2-1/2"]
[WhiteElo "2229"]
[BlackElo "2444"]
[PlyCount "115"]
[EventDate "2015.12.??"]
[EventType "swiss"]
[EventRounds "9"]
[WhiteTeam "TSV Schönaich"]

1. d4 Nf6 2. Nf3 g6 3. Bg5 Bg7 4. c3 O-O 5. Nbd2 d6 6. e4 c5 7. dxc5 dxc5 8.
Bc4 Nc6 9. Qe2 h6 10. Bxf6 exf6 11. O-O Re8 12. Rfe1 f5 13. Rad1 Qc7 14. Qe3
fxe4 15. Nxe4 Bf5 16. Bd5 b6 17. h3 Kh8 18. Nh4 Be6 19. Qg3 Qxg3 20. Nxg3 Bxd5
21. Rxe8+ Rxe8 22. Rxd5 Ne5 23. Nf3 Nc4 24. b3 Ne5 25. Nxe5 Bxe5 26. Rd7 Bxc3
27. Rxf7 Re1+ 28. Kh2 Bd4 29. h4 b5 30. f3 c4 31. bxc4 bxc4 32. Rc7 c3 33. Rc4
Be5 34. f4 c2 35. Rxc2 Bxf4 36. Rc3 h5 37. Rf3 Be5 38. Kh3 Kg7 39. Ra3 a5 40.
Rf3 a4 41. Nf1 Ra1 42. g4 Rxa2 43. gxh5 gxh5 44. Rf5 Re2 45. Rf3 Kg6 46. Ng3
Rb2 47. Rf5 Bf6 48. Ra5 Rb3 49. Kg2 a3 50. Nxh5 Bd8 51. Nf4+ Kf6 52. Ra8 Ke7
53. Nd5+ Kd7 54. h5 Bg5 55. Ra6 Rb2+ 56. Kf3 Rh2 57. Kg3 Ra2 58. Nc3 1/2-1/2

[Event "Böblinger Open 2015"]
[Site "Böblingen"]
[Date "2015.12.27"]
[Round "2.9"]
[White "Smirnov, Artem"]
[Black "Abbas, Daniel"]
[Result "1/2-1/2"]
[WhiteElo "2429"]
[BlackElo "2208"]
[PlyCount "92"]
[EventDate "2015.12.??"]
[EventType "swiss"]
[EventRounds "9"]

1. d4 Nf6 2. Bg5 Ne4 3. Bf4 d5 4. e3 c5 5. Bd3 Nf6 6. Nc3 a6 7. dxc5 Nc6 8. Nf3
Bg4 9. e4 e6 10. h3 Bxf3 11. Qxf3 d4 12. Ne2 Qa5+ 13. Bd2 Qxc5 14. Ng3 Bd6 15.
O-O O-O 16. a3 Rac8 17. b4 Qb6 18. Bg5 Ne5 19. Qe2 Nxd3 20. cxd3 Bxg3 21. Bxf6
Bh2+ 22. Kxh2 gxf6 23. Qg4+ Kh8 24. Qh4 Qd8 25. Rac1 Rc3 26. Rxc3 dxc3 27. Rc1
Qd4 28. Qg3 Rc8 29. Rc2 a5 30. Qe3 Qd6+ 31. Qg3 Qd4 32. Qe3 Qd6+ 33. Qg3 Qd7
34. e5 f5 35. Qe3 Qa4 36. Rc1 axb4 37. axb4 Qxb4 38. d4 Qc4 39. g4 fxg4 40.
hxg4 c2 41. Qf4 Kg8 42. Qg5+ Kf8 43. Qf6 Qxd4 44. Qh8+ Ke7 45. Qxc8 Qf4+ 46.
Kh3 Qxc1 1/2-1/2

[Event "Böblinger Open 2015"]
[Site "Böblingen"]
[Date "2015.12.27"]
[Round "3.1"]
[White "Schiendorfer, Emanuel"]
[Black "Feller, Sebastien"]
[Result "1-0"]
[WhiteElo "2339"]
[BlackElo "2623"]
[PlyCount "105"]
[EventDate "2015.12.??"]
[EventType "swiss"]
[EventRounds "9"]
[BlackTeam "SG Speyer-Schwegenheim"]

1. Nf3 Nf6 2. g3 c5 3. Bg2 Nc6 4. O-O g6 5. c4 Bg7 6. Nc3 O-O 7. d4 cxd4 8.
Nxd4 Qa5 9. Nc2 d6 10. Bd2 Qh5 11. e4 Ng4 12. h3 Nge5 13. g4 Qh4 14. Ne3 g5 15.
Ne2 h5 16. Be1 hxg4 17. f4 Qh7 18. fxe5 gxh3 19. Bf3 Nxe5 20. Ng3 Ng6 21. Bc3
Bxc3 22. bxc3 Ne5 23. Kh2 Be6 24. Ngf5 f6 25. Bg4 Rfe8 26. Rg1 Bxf5 27. Nxf5 e6
28. Nxd6 Re7 29. Qf1 Qh4 30. Be2 Kg7 31. Rg3 Rh8 32. Rxh3 Qxh3+ 33. Qxh3 Rxh3+
34. Kxh3 Kg6 35. Kg2 b6 36. Rf1 Rd7 37. Rd1 f5 38. exf5+ exf5 39. Rd5 Re7 40.
Bd1 g4 41. Bc2 Kf6 42. Nxf5 Rc7 43. Ne3 Nxc4 44. Nxc4 Rxc4 45. Rd3 b5 46. Bb3
Re4 47. Rd6+ Kg5 48. Rd5+ Kf4 49. Rd4 a5 50. Bc2 Rxd4 51. cxd4 a4 52. a3 g3 53.
Kf1 1-0

[Event "Böblinger Open 2015"]
[Site "Böblingen"]
[Date "2015.12.27"]
[Round "3.2"]
[White "Bortnyk, Olexandr"]
[Black "Motuz, Karol"]
[Result "1-0"]
[WhiteElo "2552"]
[BlackElo "2334"]
[PlyCount "105"]
[EventDate "2015.12.??"]
[EventType "swiss"]
[EventRounds "9"]
[BlackTeam "SKS Dubnica nad Vahom"]

1. e4 e6 2. d4 d5 3. Nc3 Nf6 4. Bg5 Bb4 5. e5 h6 6. Bc1 Ne4 7. Qg4 Kf8 8. Nge2
c5 9. a3 Bxc3+ 10. bxc3 Qa5 11. f3 Nxc3 12. Bd2 cxd4 13. Nxd4 Qc7 14. Nxe6+
Bxe6 15. Qb4+ Kg8 16. Qxc3 Qxc3 17. Bxc3 Nc6 18. f4 Bf5 19. O-O-O Be4 20. Rd2
Kh7 21. Bd3 Rhd8 22. Bxe4+ dxe4 23. Re1 h5 24. h3 h4 25. Rf2 Ne7 26. f5 e3 27.
Rxe3 Nd5 28. Rd3 Nxc3 29. Rxc3 Rac8 30. Rxc8 Rxc8 31. Rf4 g5 32. fxg6+ Kxg6 33.
Rxh4 Rc3 34. Kb2 Re3 35. Rg4+ Kf5 36. Rg7 Ke6 37. Rg5 Re1 38. h4 Rh1 39. h5 b5
40. g4 Rh3 41. Rf5 Rh4 42. Rg5 Rh3 43. Ka2 a6 44. Kb2 Kd5 45. Rf5 Rh4 46. Rxf7
Rxg4 47. Rf6 Rh4 48. e6 Kd6 49. h6 a5 50. e7+ Kxe7 51. Ra6 a4 52. h7 Kf7 53.
Ra8 1-0

[Event "Böblinger Open 2015"]
[Site "Böblingen"]
[Date "2015.12.27"]
[Round "3.3"]
[White "Winterberg, Lukas"]
[Black "Zubarev, Alexander"]
[Result "1/2-1/2"]
[WhiteElo "2321"]
[BlackElo "2548"]
[PlyCount "100"]
[EventDate "2015.12.??"]
[EventType "swiss"]
[EventRounds "9"]
[WhiteTeam "SC Heimbach-Weis"]
[BlackTeam "SC Siegburg"]

1. e4 c5 2. Nf3 d6 3. d4 cxd4 4. Nxd4 Nf6 5. Nc3 g6 6. Be3 Bg7 7. f3 a6 8. Qd2
h5 9. O-O-O Nbd7 10. Bc4 b5 11. Bb3 Bb7 12. Nde2 Rc8 13. Nf4 Ne5 14. Nfd5 Bxd5
15. Nxd5 Nxd5 16. Qxd5 O-O 17. Qb7 Nc4 18. Bd4 Bxd4 19. Rxd4 Na5 20. Qd5 e6 21.
Qxd6 Qg5+ 22. Rd2 Rfd8 23. f4 Qf6 24. Qe5 Qxe5 25. Rxd8+ Rxd8 26. fxe5 Nc6 27.
Rd1 Rxd1+ 28. Kxd1 Nxe5 29. Kd2 Kf8 30. Kc3 Nc6 31. Kd3 Ke7 32. c4 Kd6 33. cxb5
axb5 34. Ke3 Na5 35. Bd1 Nc4+ 36. Kd4 Nxb2 37. e5+ Kc6 38. Bf3+ Kb6 39. h4 Nc4
40. g4 hxg4 41. Bxg4 Na5 42. h5 Nc6+ 43. Ke4 gxh5 44. Bxh5 Nd8 45. Kd4 Nc6+ 46.
Ke4 Kc5 47. Bxf7 Nd8 48. Be8 Kc4 49. Bd7 b4 50. Ba4 Kc3 1/2-1/2

[Event "Böblinger Open 2015"]
[Site "Böblingen"]
[Date "2015.12.27"]
[Round "3.4"]
[White "Skoberne, Jure"]
[Black "Gheng, Josef"]
[Result "1-0"]
[WhiteElo "2547"]
[BlackElo "2319"]
[PlyCount "79"]
[EventDate "2015.12.??"]
[EventType "swiss"]
[EventRounds "9"]
[BlackTeam "SC Erdmannhausen"]

1. Nf3 Nf6 2. g3 d5 3. Bg2 c6 4. O-O Bf5 5. c4 dxc4 6. Na3 b5 7. b3 cxb3 8.
Qxb3 e6 9. d3 Bg6 10. Ne5 Nd5 11. Bb2 a6 12. Nc2 Ra7 13. a4 Rc7 14. f4 Bc5+ 15.
Kh1 O-O 16. e4 Nf6 17. g4 h6 18. Nxg6 fxg6 19. g5 Nh5 20. Be5 Kh7 21. Bxc7 Qxc7
22. d4 Be7 23. gxh6 Nxf4 24. hxg7 Kxg7 25. Qg3 g5 26. Ne1 Qd8 27. Nd3 Ne2 28.
Qe5+ Bf6 29. Qxe6 Nxd4 30. Qg4 Nd7 31. axb5 Nxb5 32. Nf4 Nc7 33. Rad1 Ne5 34.
Rxd8 Nxg4 35. Nh5+ Kg6 36. Rxf8 Be5 37. Ng3 Ne6 38. Rg8+ Kh7 39. Re8 Nf4 40.
Bf3 1-0

[Event "Böblinger Open 2015"]
[Site "Böblingen"]
[Date "2015.12.27"]
[Round "3.5"]
[White "Dann, Matthias"]
[Black "Schmitz, Thorsten"]
[Result "1-0"]
[WhiteElo "2477"]
[BlackElo "2304"]
[PlyCount "59"]
[EventDate "2015.12.??"]
[EventType "swiss"]
[EventRounds "9"]
[WhiteTeam "TSV Schott Mainz"]
[BlackTeam "SC Garching"]

1. e4 e5 2. Nf3 Nc6 3. Bb5 Nge7 4. c3 g6 5. d4 exd4 6. cxd4 d5 7. exd5 Nxd5 8.
O-O Bg7 9. Re1+ Be6 10. Nc3 O-O 11. h3 Re8 12. Bg5 f6 13. Bc4 Ncb4 14. a3 fxg5
15. axb4 c6 16. Qb3 b5 17. Bxd5 cxd5 18. Rxe6 Rxe6 19. Nxd5 h6 20. Nf4 gxf4 21.
Qxe6+ Kh7 22. Ne5 Qxd4 23. Qxg6+ Kg8 24. Ng4 Qxb2 25. Rd1 f3 26. Nxh6+ Kh8 27.
Nf7+ Kg8 28. Ng5 Qf6 29. Qh7+ Kf8 30. Qe4 1-0

[Event "Böblinger Open 2015"]
[Site "Böblingen"]
[Date "2015.12.27"]
[Round "3.6"]
[White "Kabisch, Thilo"]
[Black "Neef, Maximilian"]
[Result "0-1"]
[WhiteElo "2292"]
[BlackElo "2403"]
[PlyCount "88"]
[EventDate "2015.12.??"]
[EventType "swiss"]
[EventRounds "9"]
[WhiteTeam "SK Schmiden/Cannstatt"]
[BlackTeam "USV TU Dresden"]

1. e4 e6 2. d4 d5 3. Nd2 c5 4. Ngf3 Nc6 5. Bb5 a6 6. Bxc6+ bxc6 7. O-O Nf6 8.
e5 Nd7 9. dxc5 Bxc5 10. b3 O-O 11. Bb2 a5 12. a3 Ba6 13. c4 Qb6 14. Qc2 Rfc8
15. Ng5 Nf8 16. h4 Rab8 17. Rab1 Be7 18. g3 Qd8 19. Ndf3 a4 20. b4 Bxc4 21.
Rfe1 h6 22. Nh3 c5 23. bxc5 Bxc5 24. Qd2 Rb3 25. Nd4 Rd3 26. Qf4 Ng6 27. Qg4
Bxd4 28. Bxd4 Bb3 29. h5 Ne7 30. Bb2 Qb6 31. Rbc1 Rc4 32. Rxc4 dxc4 33. Rc1 Nf5
34. Kh2 Nxg3 35. Rc3 Nf5 36. Qe4 Qd8 37. Qc6 Qb8 38. Rxd3 cxd3 39. Bc3 Bd5 40.
Qxa4 Qb1 41. Ng1 Qf1 42. Qg4 Qxf2+ 43. Kh3 Ne3 44. Qg3 Bg2+ 0-1